הקבוצות בהן שיחק בעבר | שם השחקן |
הפועל ב'ש, לודוגורץ, מ.ס אשדוד | דן ביטון | | 84% | הפועל ת'א, מכבי ת'א, רמה'ש, עכו, אשדוד, זולטה וארחם | בן רייכרט | | 40.5% | מכבי נתניה, הפועל כפ'ס, מכבי חיפה, הפועל ת'א, בית'ר י-ם, , הפועל ב'ש, אומוניה ניקוסיה | חן עזרא | | 40.4% | הפועל כפ'ס, ואלבייק, ב'ש, מכבי חיפה, אומוניה ניקוסיה, , נתניה | אוהד לויטה | | 20.1% | חטאפה, אלבסטה, מכבי פ'ת, בית'ר י-ם, בני יהודה, ראשל'צ, הפועל פ'ת | נס זמיר | | 18.6% | טוונטה, הרטה ברלין, מיינץ, ווסטרן סיטי וונדרס, בית'ר י-ם | ניקיטה רוקאביצה | | 17.2% | בית'ר י-ם, ק'ש, רעננה, הכח ר'ג, שרלרואה | איתן טיבי | | 17% | מ.ס אשדוד, הפועל ירושלים, מכבי יבנה, באסטיה, בית'ר ירשולים | אנתוני וארן | | 16.4% | סקציה נס ציונה, בני יהודה, הפועל ר'ג | דולב חזיזה | | 16.3% |
|
Comments